[Event "NOR-chB op"]
[Site "Asker"]
[Date "2003.05.31"]
[Round "4"]
[White "Einvik, Gunnar"]
[Black "Thanke, Bror"]
[Result "0-1"]
[WhiteElo "1933"]
[BlackElo "2071"]
[PlyCount "88"]
[EventDate "2003.05.??"]
[EventType "swiss"]
[EventRounds "5"]
[EventCountry "NOR"]
[SourceTitle "EXT 2005"]
[Source "ChessBase"]
[SourceDate "2004.11.15"]
[SourceVersion "1"]
[SourceVersionDate "2004.11.15"]
[SourceQuality "1"]

1. e4 c5 2. c3 d5 3. exd5 Qxd5 4. d4 Nf6 5. Nf3 Bg4 6. Be2 cxd4 7. cxd4 e6 8. 0-0 Nc6 9. Nc3 Qd6 10. h3 Bh5 11. Bg5 Be7 12. Bxf6 Bxf6 13. d5 exd5 14. Nb5 Qe7 15. Qxd5 0-0 16. Nc3 Bg6 17. Bd1 Rfd8 18. Qb3 Na5 19. Qb5 Qc7 20. Be2 Bxc3 21. Rac1 a6 22. Qg5 f6 23. Qh4 Qb6 24. bxc3 Qb2 25. Bc4+ Nxc4 26. Qxc4+ Bf7 27. Qe4 Bd5 28. Rc2 Qxa2 29. Qf5 Qc4 30. Nd4 Re8 31. f3 b5 32. Rb1 Re5 33. Qd7 Be6 34. Qb7 Rd8 35. Qxa6 Rxd4 36. cxd4 Qxc2 37. Qa8+ Kf7 38. Qb7+ Kg6 39. dxe5 Qxb1+ 40. Kh2 fxe5 41. Qe7 Qf5 42. h4 b4 43. g4 Qf4+ 44. Kg2 Bxg4 0-1

[Event "NOR-chB op"]
[Site "Asker"]
[Date "2003.05.29"]
[Round "2"]
[White "Zachariassen, Bjarne"]
[Black "Einvik, Gunnar"]
[Result "1/2-1/2"]
[WhiteElo "1809"]
[BlackElo "1933"]
[PlyCount "53"]
[EventDate "2003.05.??"]
[EventType "swiss"]
[EventRounds "5"]
[EventCountry "NOR"]
[SourceTitle "EXT 2005"]
[Source "ChessBase"]
[SourceDate "2004.11.15"]
[SourceVersion "1"]
[SourceVersionDate "2004.11.15"]
[SourceQuality "1"]

1. e4 c5 2. c3 Nf6 3. e5 Nd5 4. Nf3 Nc6 5. Bc4 Nb6 6. Bb3 d6 7. exd6 Qxd6 8. d4 cxd4 9. Nxd4 Nxd4 10. cxd4 Be6 11. 0-0 g6 12. Nc3 Bxb3 13. Qxb3 Bg7 14. Be3 0-0 15. Rfd1 e6 16. d5 Bxc3 17. dxe6 Qxe6 18. bxc3 Rfd8 19. Bg5 Rd5 20. h4 Rc8 21. Rd4 Rdc5 22. Rad1 Qxb3 23. axb3 Rxc3 24. Kh2 Kg7 25. Rd6 R3c6 26. Bf6+ Kh6 27. Bg5+ 1/2-1/2

[Event "NOR-chT east 0203"]
[Site "Norway"]
[Date "2003.01.18"]
[Round "4"]
[White "Einvik, Gunnar"]
[Black "Ekeberg, Carl Fredrik"]
[Result "0-1"]
[WhiteElo "2205"]
[BlackElo "2213"]
[PlyCount "70"]
[EventDate "2002.11.09"]
[EventType "team-swiss"]
[EventRounds "9"]
[EventCountry "NOR"]
[SourceTitle "EXT 2009"]
[Source "ChessBase"]
[SourceDate "2008.11.26"]
[SourceVersion "1"]
[SourceVersionDate "2008.11.26"]
[SourceQuality "1"]

1. e4 c6 2. d4 d5 3. Nc3 dxe4 4. Nxe4 Nd7 5. Bc4 Ngf6 6. Ng5 e6 7. Qe2 Nb6 8. Bb3 h6 9. N5f3 Be7 10. Be3 0-0 11. Ne5 Nbd5 12. Ngf3 c5 13. Rd1 Qc7 14. 0-0 a6 15. c4 Nxe3 16. fxe3 b6 17. Bc2 Bb7 18. Nd2 Rfd8 19. Qd3 cxd4 20. Nxf7 Kxf7 21. Qh7 d3 22. Bxd3 Rxd3 23. Qxd3 Kg8 24. Nf3 Be4 25. Qe2 Ng4 26. Rd4 Nf6 27. Nd2 Bc6 28. a3 Bc5 29. Rdf4 Qe5 30. Rxf6 gxf6 31. Qg4+ Kf7 32. Nf3 Qxe3+ 33. Kh1 Bxf3 34. gxf3 Rg8 35. Qh5+ Ke7 0-1

[Event "NOR-chT 9900"]
[Site "Norway"]
[Date "2000.??.??"]
[Round "6"]
[White "Einvik, Gunnar"]
[Black "Moen, Andreas"]
[Result "0-1"]
[WhiteElo "2205"]
[BlackElo "2202"]
[PlyCount "60"]
[EventDate "1999.??.??"]
[EventType "team"]
[EventRounds "9"]
[EventCountry "NOR"]
[SourceTitle "EXT 2001"]
[Source "ChessBase"]
[SourceDate "2000.11.22"]
[SourceVersion "1"]
[SourceVersionDate "2000.11.22"]
[SourceQuality "1"]

1. e4 e5 2. Nf3 Nf6 3. d4 Nxe4 4. Bd3 d5 5. dxe5 Nc5 6. Nc3 c6 7. Nd4 Qh4 8. Bf5 Bxf5 9. Nxf5 Qc4 10. Qf3 Nbd7 11. b3 Qa6 12. Bb2 0-0-0 13. Qg3 g6 14. Nd4 f6 15. exf6 Re8+ 16. Nce2 Ne4 17. Qh3 c5 18. f7 Re7 19. 0-0 cxd4 20. Bxd4 Nef6 21. Nf4 Rxf7 22. Rfe1 Bd6 23. Re6 Rhf8 24. Bxf6 Rxf6 25. Rxf6 Rxf6 26. Nxd5 Rf5 27. Rd1 Qe2 28. Qc3+ Bc5 29. Rf1 Rxd5 30. b4 Rd1 0-1

[Event "NOR-chT 9900"]
[Site "Norway"]
[Date "2000.??.??"]
[Round "4"]
[White "Einvik, Gunnar"]
[Black "Yndesdal, Kjell"]
[Result "1-0"]
[WhiteElo "2205"]
[BlackElo "2222"]
[PlyCount "69"]
[EventDate "1999.??.??"]
[EventType "team"]
[EventRounds "9"]
[EventCountry "NOR"]
[SourceTitle "EXT 2001"]
[Source "ChessBase"]
[SourceDate "2000.11.22"]
[SourceVersion "1"]
[SourceVersionDate "2000.11.22"]
[SourceQuality "1"]

1. e4 c5 2. Nf3 d6 3. Bb5+ Bd7 4. Bxd7+ Qxd7 5. 0-0 Nc6 6. c3 g6 7. Qe2 Bg7 8. Rd1 Nf6 9. d4 cxd4 10. cxd4 0-0 11. Nc3 Rfc8 12. e5 Ne8 13. Bf4 d5 14. Ng5 Nc7 15. Rd3 h6 16. Nh3 Ne6 17. Rad1 Nxf4 18. Nxf4 e6 19. Rg3 Ne7 20. Nb5 Nf5 21. Rb3 a6 22. g4 axb5 23. gxf5 exf5 24. Rxb5 Rxa2 25. Nxd5 Qe6 26. Qf3 Rd8 27. Nf4 Qc4 28. Rxb7 Rxd4 29. Rxd4 Qxd4 30. Qb3 Ra1+ 31. Kg2 Qxe5 32. Qxf7+ Kh7 33. Qxg6+ Kg8 34. Qf7+ Kh7 35. Re7 1-0

[Event "NOR-chT 0001"]
[Site "Norway"]
[Date "2000.??.??"]
[Round "3"]
[White "Johannessen, Svein"]
[Black "Einvik, Gunnar"]
[Result "1-0"]
[WhiteElo "2306"]
[BlackElo "2205"]
[PlyCount "63"]
[EventDate "2000.??.??"]
[EventType "team"]
[EventRounds "5"]
[EventCountry "NOR"]
[SourceTitle "EXT 2002"]
[Source "ChessBase"]
[SourceDate "2001.11.25"]
[SourceVersion "1"]
[SourceVersionDate "2001.11.25"]
[SourceQuality "1"]

1. e4 c5 2. Nf3 d6 3. Bb5+ Bd7 4. Bxd7+ Qxd7 5. 0-0 Nc6 6. c4 Nd4 7. Nxd4 cxd4 8. d3 g6 9. f4 Bg7 10. Nd2 e6 11. f5 gxf5 12. exf5 exf5 13. Qh5 Ne7 14. Nf3 Ng6 15. Bh6 Bxh6 16. Qxh6 0-0-0 17. Nxd4 f4 18. Ne2 f3 19. Rxf3 Ne5 20. Rff1 Rdg8 21. Qe3 Rg4 22. Nf4 Rhg8 23. Rae1 Qc6 24. Re2 Kb8 25. Nd5 h5 26. b3 R4g7 27. d4 Ng6 28. Qg5 h4 29. Qf6 Qd7 30. Rfe1 a6 31. Qf3 Qd8 32. Nf6 1-0

[Event "NOR-chT 0001"]
[Site "Norway"]
[Date "2000.??.??"]
[Round "1"]
[White "Thanke, Bror"]
[Black "Einvik, Gunnar"]
[Result "1-0"]
[WhiteElo "2172"]
[BlackElo "2205"]
[PlyCount "59"]
[EventDate "2000.??.??"]
[EventType "team"]
[EventRounds "5"]
[EventCountry "NOR"]
[SourceTitle "EXT 2002"]
[Source "ChessBase"]
[SourceDate "2001.11.25"]
[SourceVersion "1"]
[SourceVersionDate "2001.11.25"]
[SourceQuality "1"]

1. e4 c5 2. Nf3 d6 3. d4 cxd4 4. Nxd4 Nf6 5. Nc3 a6 6. Bc4 e6 7. Bb3 b5 8. a3 Be7 9. 0-0 Qc7 10. f4 Nc6 11. Be3 Nxd4 12. Bxd4 Bb7 13. Qe2 e5 14. Be3 exf4 15. Bd4 g5 16. Nd5 Nxd5 17. exd5 0-0 18. Rxf4 f6 19. Re4 Rf7 20. c3 Bc8 21. Re1 Bf8 22. Re6 Bg7 23. Re8+ Bf8 24. Re6 Bg7 25. Bc2 f5 26. Re8+ Rf8 27. Rxf8+ Bxf8 28. Qh5 g4 29. Qg5+ Kf7 30. Qf6+ 1-0

[Event "NOR-chT 9899"]
[Site "Norway"]
[Date "1998.??.??"]
[Round "2"]
[White "Einvik, Gunnar"]
[Black "Guddahl, Viggo"]
[Result "0-1"]
[WhiteElo "2205"]
[BlackElo "2225"]
[PlyCount "128"]
[EventDate "1998.??.??"]
[EventType "team"]
[EventRounds "9"]
[EventCountry "NOR"]
[SourceTitle "EXT 2000"]
[Source "ChessBase"]
[SourceDate "1999.11.16"]
[SourceVersion "1"]
[SourceVersionDate "1999.11.16"]
[SourceQuality "1"]

1. e4 c5 2. c3 Nf6 3. e5 Nd5 4. d4 cxd4 5. Nf3 Nc6 6. Bc4 Nb6 7. Bb3 d5 8. exd6 Qxd6 9. 0-0 Bf5 10. Nxd4 Nxd4 11. cxd4 Be6 12. Nc3 Bxb3 13. Qxb3 e6 14. Be3 Qb4 15. Qc2 Be7 16. a3 Qc4 17. Rac1 0-0 18. Qe4 Qc6 19. Qxc6 bxc6 20. Ne2 Rfc8 21. Rc2 Nd5 22. Rfc1 Rcb8 23. Nf4 Nxe3 24. fxe3 Rb3 25. e4 h6 26. Rd1 Bg5 27. g3 Rab8 28. Rdd2 a5 29. Kg2 Kf8 30. Rf2 Bxf4 31. gxf4 Rd3 32. Rfd2 Rxd2+ 33. Rxd2 Ke7 34. Kf2 Kd6 35. Ke2 f5 36. exf5 exf5 37. Kd1 Rb3 38. Kc2 Rf3 39. Rg2 Rxf4 40. Rxg7 Rxd4 41. Rg6+ Kd5 42. Rxh6 f4 43. Kc3 c5 44. Rh5+ Ke4 45. Rxc5 f3 46. Rc7 Rd5 47. Re7+ Kf4 48. Rf7+ Ke3 49. Re7+ Kf4 50. Rf7+ Ke3 51. Re7+ Kf2 52. b4 a4 53. Kc4 Rf5 54. b5 Kg1 55. Re1+ Kxh2 56. b6 f2 57. Rf1 Kg2 58. b7 Rf8 59. Rxf2+ Kxf2 60. Kb5 Ke3 61. Kxa4 Rb8 62. Ka5 Rxb7 63. Ka6 Rb8 64. Ka7 Rb3 0-1

[Event "EU-ch U18"]
[Site "Tallinn"]
[Date "1997.??.??"]
[Round "6"]
[White "Bucher, Denis"]
[Black "Einvik, Gunnar"]
[Result "0-1"]
[WhiteElo "2060"]
[BlackElo "2190"]
[PlyCount "130"]
[EventDate "1997.??.??"]
[EventType "swiss"]
[EventRounds "9"]
[EventCountry "EST"]
[SourceTitle "EXT 1998"]
[Source "ChessBase"]
[SourceDate "1997.11.17"]
[SourceVersion "1"]
[SourceVersionDate "1997.11.17"]
[SourceQuality "1"]

1. e4 c5 2. Nf3 d6 3. d4 cxd4 4. Nxd4 Nf6 5. Nc3 a6 6. g3 e6 7. Bg2 Be7 8. 0-0 0-0 9. b3 Qc7 10. Bb2 Nc6 11. Nce2 Rd8 12. Rc1 d5 13. exd5 Nxd5 14. c4 Nf6 15. Qc2 Nb4 16. Qb1 e5 17. Nf5 Bc5 18. Ne3 Bxe3 19. fxe3 Ng4 20. Rc3 Qc5 21. a3 Nc6 22. b4 Qd6 23. h3 Nh6 24. Kh2 Ne7 25. Rcc1 Bf5 26. e4 Bg6 27. Qa1 f6 28. Rfd1 Qc6 29. Qa2 Bxe4 30. b5 Qc5 31. Bxe4 Qf2+ 32. Bg2 Qxe2 33. Re1 Qh5 34. Bc3 axb5 35. Bxb7 Rab8 36. cxb5+ Kh8 37. Qg2 e4 38. Ba6 Ng4+ 39. Kh1 e3 40. Ba5 Nf2+ 41. Kh2 Re8 42. Bc7 Ra8 43. Rc4 Nd5 44. Ba5 Qf5 45. Rc5 Ne4 46. Rcc1 Nf2 47. Re2 Qd3 48. Rce1 h6 49. Qf3 Re5 50. Bb4 Rd8 51. Bc5 Rf5 52. Qg2 Rh5 53. h4 Nf4 54. Rxe3 Nxg2 55. Rxd3 Nxd3 56. Be7 Ngxe1 57. Bxd8 Nc5 58. Bc8 Nc2 59. b6 Nxa3 60. b7 Na6 61. Bc7 Rb5 62. Bf4 Kg8 63. Be6+ Kh8 64. Bc8 g5 65. hxg5 hxg5 0-1

[Event "Porsgrunn U18"]
[Site "Porsgrunn"]
[Date "1996.??.??"]
[Round "?"]
[White "Einvik, Gunnar"]
[Black "Johansen, Morten"]
[Result "0-1"]
[WhiteElo "1975"]
[BlackElo "2195"]
[PlyCount "80"]
[EventDate "1996.??.??"]
[EventType "swiss"]
[EventRounds "9"]
[EventCountry "NOR"]
[SourceTitle "EXT 2006"]
[Source "ChessBase"]
[SourceDate "2005.11.24"]
[SourceVersion "1"]
[SourceVersionDate "2005.11.24"]
[SourceQuality "1"]

1. Nf3 d5 2. g3 Bg4 3. Bg2 Nd7 4. d3 Ngf6 5. Nbd2 c6 6. 0-0 e6 7. h3 Bxf3 8. Bxf3 Bd6 9. e4 0-0 10. Re1 Qc7 11. Nf1 Rfe8 12. Qe2 dxe4 13. dxe4 e5 14. Bg5 h6 15. Bd2 Nc5 16. Bg2 Rad8 17. Rad1 Ne6 18. c3 Nc5 19. b4 Na4 20. Qf3 Be7 21. Bc1 a5 22. a3 c5 23. bxa5 c4 24. Nd2 Rd3 25. Re3 Nxc3 26. Rde1 Na2 27. Nb1 Qxa5 28. Bf1 Rxe3 29. Qxe3 c3 30. Bc4 Bc5 31. Qe2 Nxc1 32. Rxc1 Bd4 33. Qa2 Re7 34. Bd3 Rc7 35. Qb3 Qc5 36. Rc2 Qc6 37. Nd2 Qd7 38. Nf3 Bxf2+ 39. Rxf2 Qxd3 40. Nxe5 Qxg3+ 0-1

[Event "Porsgrunn U18"]
[Site "Porsgrunn"]
[Date "1996.??.??"]
[Round "?"]
[White "Einvik, Gunnar"]
[Black "Lie, Ole Andre"]
[Result "1/2-1/2"]
[WhiteElo "1975"]
[BlackElo "1675"]
[PlyCount "40"]
[EventDate "1996.??.??"]
[EventType "swiss"]
[EventRounds "9"]
[EventCountry "NOR"]
[SourceTitle "EXT 2006"]
[Source "ChessBase"]
[SourceDate "2005.11.24"]
[SourceVersion "1"]
[SourceVersionDate "2005.11.24"]
[SourceQuality "1"]

1. e4 c5 2. Nf3 d6 3. Bb5+ Bd7 4. Bxd7+ Nxd7 5. 0-0 Ngf6 6. Qe2 e5 7. c3 Be7 8. d4 cxd4 9. cxd4 0-0 10. Nc3 Rc8 11. d5 Nc5 12. Ne1 Nfd7 13. f4 exf4 14. Bxf4 Qb6 15. Kh1 Bf6 16. Nf3 Rfe8 17. Be3 Bxc3 18. bxc3 Qa5 19. Ng5 f6 20. Bxc5 Nxc5 1/2-1/2